Therenjedutha kavithakal: (Record no. 46881)

000 -LEADER
fixed length control field 00361nam a22001451a 4500
082 ## - DEWEY DECIMAL CLASSIFICATION NUMBER
Classification number M1
Item number AYA/T
100 ## - MAIN ENTRY--AUTHOR NAME
Personal name Ayyappan A
245 ## - TITLE STATEMENT
Title Therenjedutha kavithakal:
Sub Title A Ayyappan/
Statement of responsibility, etc by Ayyappan A
260 ## - PUBLICATION, DISTRIBUTION, ETC. (IMPRINT)
Place of publication Kozhikode:
Name of publisher Haritham,
Year of publication 2011.
300 ## - PHYSICAL DESCRIPTION
Number of Pages 514p.
650 ## - SUBJECT ADDED ENTRY--TOPICAL TERM
Topical Term Poetry Malayalam
650 ## - SUBJECT ADDED ENTRY--TOPICAL TERM
Topical Term Literature Malayalam
650 ## - SUBJECT ADDED ENTRY--TOPICAL TERM
Topical Term Literature
942 ## - ADDED ENTRY ELEMENTS (KOHA)
Koha item type Book
Holdings
Withdrawn status Lost status Damaged status Not for loan Permanent Location Current Location Date acquired Cost, normal purchase price Full call number Accession Number Cost, replacement price Price effective from Koha item type
        Sree Sankaracharya University of Sanskrit Sree Sankaracharya University of Sanskrit 08.01.2015 495.00 M1 AYA/T 068604 0.00 08.01.2015 Book